000 00390nam a22001697a 4500
005 20160630102655.0
008 160630b xxu||||| |||| 00| 0 eng d
020 _a81-85749-56-6
041 _aeng
082 _b19412
100 _aVerma A P
_93268
245 _aProduction Management
260 _bS.K. Kataria & Sons
_c2012
300 _a335
650 _aManagement
_9241
942 _cBK
999 _c4843
_d4841